<?xml version="1.0" encoding="UTF-8"?>
<record
    xmlns:xsi="http://www.w3.org/2001/XMLSchema-instance"
    xsi:schemaLocation="http://www.loc.gov/MARC21/slim http://www.loc.gov/standards/marcxml/schema/MARC21slim.xsd"
    xmlns="http://www.loc.gov/MARC21/slim">

  <leader>02046nam a22002537a 4500</leader>
  <controlfield tag="003">BJBSDDR</controlfield>
  <controlfield tag="005">20260512121439.0</controlfield>
  <controlfield tag="007">ta</controlfield>
  <controlfield tag="008">260512s2008    nyu||||| |||| 00| 0 eng d</controlfield>
  <datafield tag="020" ind1=" " ind2=" ">
    <subfield code="a">9780393066531</subfield>
  </datafield>
  <datafield tag="020" ind1=" " ind2=" ">
    <subfield code="a">0393066533</subfield>
  </datafield>
  <datafield tag="040" ind1=" " ind2=" ">
    <subfield code="b">spa </subfield>
    <subfield code="c">BJBSDDR</subfield>
  </datafield>
  <datafield tag="041" ind1=" " ind2=" ">
    <subfield code="a">eng </subfield>
  </datafield>
  <datafield tag="050" ind1=" " ind2=" ">
    <subfield code="b">M915 2008</subfield>
  </datafield>
  <datafield tag="100" ind1="1" ind2=" ">
    <subfield code="a">Mostert, No&#xEB;l.</subfield>
    <subfield code="9">48401</subfield>
  </datafield>
  <datafield tag="245" ind1="1" ind2="4">
    <subfield code="a">The line upon a wind :</subfield>
    <subfield code="b">the great war at sea, 1793-1815 /</subfield>
    <subfield code="c">No&#xEB;l. Mostert</subfield>
  </datafield>
  <datafield tag="250" ind1=" " ind2=" ">
    <subfield code="a">1st American ed</subfield>
  </datafield>
  <datafield tag="260" ind1=" " ind2=" ">
    <subfield code="a">New York : </subfield>
    <subfield code="b">W.W. Norton &amp; Co.,</subfield>
    <subfield code="c">2008</subfield>
  </datafield>
  <datafield tag="300" ind1=" " ind2=" ">
    <subfield code="a">xxv, 774 pages : </subfield>
    <subfield code="b">illustrations ; </subfield>
    <subfield code="c">2008</subfield>
  </datafield>
  <datafield tag="505" ind1=" " ind2=" ">
    <subfield code="a">Maps
I. THE TACTICAL EVOLUTION. Ocean
Navy
Century
Decade
II. THE GREAT WAR, FIRST PHASE, 1793-1805. Wood
Shipboard
Toulon
Buonaparte
Corsica
Battle
Uncertainty
Change
Triumph
Mutiny
Tenerife
Camperdown
Duel
Offensive
Nile
Barbary
Neutrality
"Quasi-war"
Impressed
Naples
Acre
Return
Consul
Home
Baltic
Straits
Amiens
"Temeraire"
Resumption
Boulogne
Tripoli
Watch
Chase
Prelude
Trafalgar
Aftermath
III. THE CONCLUSIVE STRUGGLE, 1805-1816. Appraisal
Rampage
Sandy Hook
Chesapeake
Abominable
Peninsula
Collingwood
Cadiz
Catalonia
Basque roads
Expeditionary forces
Timor
China &amp; Japan
Crisis
Breakdown
"Swallow"
Tarragona
America
War
"Macedonian"
Reflection
Northwest
Lakeland
Torpedoes
Elba
Snow march
Patuxent
New Orleans
Adriatic
Adieu
Algiers
Postscript</subfield>
  </datafield>
  <datafield tag="520" ind1=" " ind2=" ">
    <subfield code="a">In February 1793 France declared war on Britain, and for the next twenty-two years the Revolutionary and Napoleonic Wars raged. This was to be the longest, cruelest war ever fought at sea, comparable in scale only to the Second World War. New naval tactics were brought to bear, along with such unheard-of weapons as rockets, torpedoes, and submarines. The war on land saw the rise of the greatest soldier the world had ever known--Napoleon Buonaparte--whose vast ambition was thwarted by a genius he never met in person or in battleL: Admiral Horatio Nelson</subfield>
  </datafield>
  <datafield tag="942" ind1=" " ind2=" ">
    <subfield code="2">lcc</subfield>
    <subfield code="n">0</subfield>
    <subfield code="c">BK</subfield>
  </datafield>
  <datafield tag="946" ind1=" " ind2=" ">
    <subfield code="i">cmc </subfield>
  </datafield>
  <datafield tag="999" ind1=" " ind2=" ">
    <subfield code="c">127059</subfield>
    <subfield code="d">127059</subfield>
  </datafield>
  <datafield tag="952" ind1=" " ind2=" ">
    <subfield code="0">0</subfield>
    <subfield code="1">0</subfield>
    <subfield code="2">lcc</subfield>
    <subfield code="4">0</subfield>
    <subfield code="7">0</subfield>
    <subfield code="8">APT</subfield>
    <subfield code="a">BJB</subfield>
    <subfield code="b">BJB</subfield>
    <subfield code="c">APT</subfield>
    <subfield code="d">2026-05-12</subfield>
    <subfield code="l">0</subfield>
    <subfield code="o">M915 2008</subfield>
    <subfield code="p">00000199790</subfield>
    <subfield code="r">2026-05-12 12:14:55</subfield>
    <subfield code="t">1</subfield>
    <subfield code="w">2026-05-12</subfield>
    <subfield code="y">BK</subfield>
  </datafield>
</record>
